[Event "38th POL-ch"]
[Site "Warszawa POL"]
[Date "1981.??.??"]
[Round "9"]
[White "Kuligowski, Adam"]
[Black "Nowak, Ignacy"]
[Result "1/2-1/2"]
[WhiteElo "2450"]
[BlackElo "2370"]
[EventDate "1981.??.??"]
[PlyCount "80"]

1.d4 Nf6 2.c4 e6 3.Nf3 b6 4.a3 Bb7 5.Nc3 d5 6.Bg5 Be7 7.Bxf6 Bxf6 8.cxd5 
exd5 9.g3 O-O 10.Bg2 Nd7 11.O-O Be7 12.b4 Nf6 13.Qb3 c6 14.Ne5 Rc8 15.Rfd1
Qd6 16.Nd3 Rfd8 17.Nf4 a6 18.Rab1 Qc7 19.Rbc1 Qb8 20.e3 Bd6 21.Nd3 Rc7 22.
a4 Re7 23.Rc2 h5 24.Ne2 h4 25.b5 cxb5 26.axb5 hxg3 27.hxg3 a5 28.Ndf4 Bc7 
29.Rdc1 g6 30.Qa3 Bd6 31.Qa2 Bc7 32.Nc3 Bxf4 33.gxf4 Qd6 34.Na4 Kg7 35.Rc6
Bxc6 36.Rxc6 Qb4 37.Rxb6 Qe1+ 38.Bf1 Qd1 39.Nc3 Qe1 40.Rxf6 Qxc3 1/2-1/2

[Event "38th POL-ch"]
[Site "Warszawa POL"]
[Date "1981.??.??"]
[Round "9"]
[White "Rakowiecki, Tomasz"]
[Black "Bielczyk, Jacek"]
[Result "1/2-1/2"]
[WhiteElo "2270"]
[BlackElo "2410"]
[EventDate "1981.??.??"]
[PlyCount "24"]

1.e4 d5 2.exd5 Nf6 3.c4 c6 4.d4 cxd5 5.Nc3 g6 6.cxd5 Bg7 7.Bc4 Nbd7 8.Nge2
Nb6 9.Nf4 Nxc4 10.Qa4+ Qd7 11.Qxc4 O-O 12.O-O Rd8 1/2-1/2

[Event "38th POL-ch"]
[Site "Warszawa POL"]
[Date "1981.??.??"]
[Round "9"]
[White "Schmidt, Wlodzimierz"]
[Black "Pokojowczyk, Jerzy"]
[Result "1/2-1/2"]
[WhiteElo "2495"]
[BlackElo "2390"]
[EventDate "1981.??.??"]
[PlyCount "83"]

1.d4 Nf6 2.c4 e6 3.Nf3 b6 4.Nc3 Bb4 5.Bg5 h6 6.Bh4 g5 7.Bg3 Ne4 8.Qc2 Bb7 
9.e3 Bxc3+ 10.bxc3 d6 11.Bd3 f5 12.d5 Nd7 13.Bxe4 fxe4 14.Qxe4 Qf6 15.O-O 
O-O-O 16.Qxe6 Qxe6 17.dxe6 Nc5 18.Nd4 Rde8 19.f3 Ba6 20.Nb5 Rxe6 21.e4 Kd7
22.Rad1 Na4 23.Rd2 Bxb5 24.cxb5 Nxc3 25.Rc1 Na4 26.e5 Nc5 27.Rcd1 Nb7 28.
Rd4 Ra8 29.h4 a6 30.exd6 Nxd6 31.hxg5 hxg5 32.Ra4 a5 33.Rg4 Rg8 34.Rd5 
Reg6 35.Kf2 c6 36.bxc6+ Kxc6 37.Rxd6+ Rxd6 38.Bxd6 Kxd6 39.a4 Kc6 40.Ke3 
b5 41.axb5+ Kxb5 42.Kd3 1/2-1/2

[Event "38th POL-ch"]
[Site "Warszawa POL"]
[Date "1981.??.??"]
[Round "9"]
[White "Stempin, Pawel"]
[Black "Ksieski, Zbigniew"]
[Result "0-1"]
[WhiteElo "2325"]
[BlackElo "2345"]
[EventDate "1981.??.??"]
[PlyCount "56"]

1.d4 Nf6 2.c4 c5 3.Nf3 cxd4 4.Nxd4 d5 5.cxd5 Nxd5 6.e4 Nf6 7.Nc3 $6 
    ( 7.Bb5+ $1 Bd7 8.e5 $1 Bxb5 9.Nxb5 Qxd1+ 10.Kxd1 Nd5 11.Ke2 a6 12.Rd1
    $14 )
7...a6 8.Be3 e5 9.Nb3 Qxd1+ 10.Rxd1 Bb4 11.f3 Be6 12.Kf2 Nbd7 13.Rc1 O-O 
14.a3 Be7 15.Nd2 Rfc8 16.Be2 b5 17.Bd1 Rc7 18.Ke2 
    ( 18.Bb3 Bxb3 19.Nxb3 Rac8 20.Ne2 )
18...Rac8 19.Bb3 Bxa3 20.Bxe6 Bxb2 21.Bxd7 Nxd7 22.Rc2 Bxc3 23.Rhc1 Ba5 
24.Rxc7 Rxc7 25.Ra1 Bxd2 26.Bxd2 Rc6 27.Ba5 Kf8 28.Rd1 Ke7 0-1

[Event "38th POL-ch"]
[Site "Warszawa POL"]
[Date "1981.??.??"]
[Round "9"]
[White "Sznapik, Aleksander"]
[Black "Panczyk, Krzysztof"]
[Result "1-0"]
[WhiteElo "2450"]
[BlackElo "2365"]
[EventDate "1981.??.??"]
[PlyCount "47"]

1.e4 e5 2.Nf3 Nc6 3.Bb5 a6 4.Ba4 Nf6 5.O-O Be7 6.Re1 b5 7.Bb3 d6 8.c3 O-O 
9.h3 Bb7 10.d4 Re8 11.Nbd2 Bf8 12.a4 h6 13.d5 Ne7 14.c4 c6 15.dxc6 Bxc6 
16.axb5 axb5 17.Rxa8 Qxa8 18.cxb5 Bb7 19.Nc4 Nxe4 20.Nxd6 Nxd6 21.Qxd6 e4 
22.Nd4 Rd8 23.Qe5 Ng6 24.Bxf7+ 1-0

[Event "38th POL-ch"]
[Site "Warszawa POL"]
[Date "1981.??.??"]
[Round "10"]
[White "Adamski, Jan"]
[Black "Hawelko, Marek"]
[Result "1-0"]
[WhiteElo "2430"]
[BlackElo "2345"]
[EventDate "1981.??.??"]
[PlyCount "67"]

1.d4 g6 2.e4 d6 3.c4 Bg7 4.Nc3 c6 5.Nf3 Nd7 6.Be2 e5 7.O-O Nh6 8.Rb1 O-O 
9.dxe5 dxe5 10.b4 f5 11.Ng5 Qe7 12.c5 Kh8 13.Bc4 b5 14.Bb3 a5 15.a3 a4 16.
Ba2 Nf6 17.Qd6 Qxd6 18.cxd6 Rd8 19.Rd1 Bf8 20.f4 Rxd6 21.Bb2 Rxd1+ 22.Rxd1
Be7 23.fxe5 Ne8 24.Nf7+ Kg7 25.Nd6 Kf8 26.Ne2 fxe4 27.Rf1+ Bf5 28.g4 Nxd6 
29.exd6 Bxd6 30.gxf5 gxf5 31.Nd4 f4 32.Ne6+ Ke7 33.Nxf4 Rg8+ 34.Bxg8 1-0

[Event "38th POL-ch"]
[Site "Warszawa POL"]
[Date "1981.??.??"]
[Round "10"]
[White "Bielczyk, Jacek"]
[Black "Kuligowski, Adam"]
[Result "1/2-1/2"]
[WhiteElo "2410"]
[BlackElo "2450"]
[EventDate "1981.??.??"]
[PlyCount "22"]

1.e4 e5 2.Nf3 Nc6 3.Bb5 a6 4.Ba4 Nf6 5.O-O Be7 6.Re1 b5 7.Bb3 d6 8.c3 O-O 
9.h3 Bb7 10.d4 Re8 11.Nbd2 Bf8 1/2-1/2

[Event "38th POL-ch"]
[Site "Warszawa POL"]
[Date "1981.??.??"]
[Round "10"]
[White "Ksieski, Zbigniew"]
[Black "Sznapik, Aleksander"]
[Result "1/2-1/2"]
[WhiteElo "2345"]
[BlackElo "2450"]
[EventDate "1981.??.??"]
[PlyCount "23"]

1.d4 Nf6 2.c4 g6 3.Nc3 Bg7 4.e4 d6 5.Be2 O-O 6.Nf3 e5 7.dxe5 dxe5 8.Qxd8 
Rxd8 9.Bg5 Re8 10.Nd5 Nxd5 11.cxd5 c6 12.Bc4 1/2-1/2

[Event "38th POL-ch"]
[Site "Warszawa POL"]
[Date "1981.??.??"]
[Round "10"]
[White "Nowak, Ignacy"]
[Black "Kruszynski, Wlodzimierz"]
[Result "1/2-1/2"]
[WhiteElo "2370"]
[BlackElo "2325"]
[EventDate "1981.??.??"]
[PlyCount "150"]

1.d4 Nf6 2.c4 e6 3.g3 c5 4.Nf3 cxd4 5.Nxd4 Bb4+ 6.Nc3 O-O 7.Bg2 d5 8.cxd5 
Nxd5 9.Bd2 Bxc3 10.bxc3 e5 11.Nc2 Nc6 12.O-O Be6 13.Qb1 Qc7 14.Qb5 Rad8 
15.Rfd1 Rd7 16.Be1 Rfd8 17.Rdc1 Na5 18.Nb4 Nc4 19.Nd3 b6 20.Nb2 Nf6 21.
Nxc4 Bxc4 22.Qb2 Rd6 23.Qc2 Qd7 24.Rab1 h5 25.a4 a6 26.Rb4 b5 27.axb5 axb5
28.Rbb1 h4 29.Ra1 hxg3 30.hxg3 Qg4 31.Bf3 Qh3 32.Rd1 Bd5 33.Bxd5 Nxd5 34.
Qe4 f5 35.Qh1 Qg4 36.Qf3 Qg6 37.Rdc1 e4 38.Qg2 Qh5 39.f3 Ne3 40.Qh2 Qg5 
41.Qh4 Qxh4 42.gxh4 Rg6+ 43.Kh1 Rg2 44.fxe4 f4 45.Ra2 f3 46.Rd2 Rxd2 47.
Bxd2 Nc4 48.Bg5 Rxe2 49.Rf1 Ne5 50.Bf4 Ng6 51.Rxf3 Rxe4 52.Bg3 Nxh4 53.Rf1
Kh7 54.Rb1 Nf5 55.Bb8 g5 56.Rxb5 Kg6 57.Kg1 Re2 58.c4 Rc2 59.c5 Nd4 60.Rb4
Nf3+ 61.Kf1 Rxc5 62.Kf2 Nh4 63.Ke3 Kf5 64.Bd6 Rc3+ 65.Ke2 Nf3 66.Bb8 g4 
67.Kf2 Nh4 68.Rb5+ Kg6 69.Be5 Rf3+ 70.Ke2 Nf5 71.Rd5 Ra3 72.Rd3 Ra4 73.Bc7
Kg5 74.Rd5 Rc4 75.Bb8 Rc2+ 1/2-1/2

[Event "38th POL-ch"]
[Site "Warszawa POL"]
[Date "1981.??.??"]
[Round "10"]
[White "Panczyk, Krzysztof"]
[Black "Przewoznik, Jan"]
[Result "0-1"]
[WhiteElo "2365"]
[BlackElo "2370"]
[EventDate "1981.??.??"]
[PlyCount "56"]

1.d4 Nf6 2.c4 e6 3.Nc3 Bb4 4.e3 O-O 5.Bd3 d5 6.Nf3 c5 7.O-O cxd4 8.exd4 
dxc4 9.Bxc4 b6 10.Re1 Bb7 11.Bg5 Be7 12.Qe2 Nc6 13.Rad1 Na5 14.Bd3 Rc8 15.
Ne5 h6 16.Bc1 Nd5 17.Ng6 Re8 18.Nxe7+ Rxe7 19.Ne4 f5 20.Ng3 Rxc1 21.Rxc1 
Nf4 22.Qd1 Nxg2 23.Rf1 Nh4 24.Be2 f4 25.Nh1 Rd7 26.Bg4 Qg5 27.f3 Bxf3 28.
Rc8+ Kf7 0-1

[Event "38th POL-ch"]
[Site "Warszawa POL"]
[Date "1981.??.??"]
[Round "10"]
[White "Pokojowczyk, Jerzy"]
[Black "Jasnikowski, Zbigniew"]
[Result "1/2-1/2"]
[WhiteElo "2390"]
[BlackElo "2380"]
[EventDate "1981.??.??"]
[PlyCount "56"]

1.e4 c6 2.d4 d5 3.exd5 cxd5 4.c4 Nf6 5.Nc3 Nc6 6.Bg5 Qb6 7.Nf3 Qxb2 8.Nxd5
Nb4 9.Nxb4 Qxb4+ 10.Bd2 Qd6 11.Bd3 g6 12.O-O Bg7 13.Qe1 Qc7 14.Bb4 Bg4 15.
Qe3 Bxf3 16.Qxf3 O-O 17.Rfe1 Rfe8 18.Rab1 Rad8 19.d5 b6 20.a4 e5 21.dxe6 
Rxe6 22.Rxe6 fxe6 23.Re1 Qf7 24.a5 Nd7 25.Qxf7+ Kxf7 26.Rd1 Bf6 27.Bc2 Ne5
28.Rxd8 Bxd8 1/2-1/2

[Event "38th POL-ch"]
[Site "Warszawa POL"]
[Date "1981.??.??"]
[Round "10"]
[White "Schinzel, Wladyslaw"]
[Black "Rakowiecki, Tomasz"]
[Result "0-1"]
[WhiteElo "2375"]
[BlackElo "2270"]
[EventDate "1981.??.??"]
[PlyCount "74"]

1.d4 g6 2.e4 Bg7 3.c4 d6 4.Nc3 c6 5.Be3 Nd7 6.Be2 e5 7.d5 c5 8.Qd2 f5 9.f4
Ne7 10.Nf3 Nf6 11.fxe5 Nxe4 12.Nxe4 fxe4 13.exd6 Nf5 14.Ng5 Nxe3 15.Qxe3 
O-O 16.O-O-O Qxd6 17.g4 Bd4 18.Qxe4 Qf6 19.Nf3 Bxb2+ 20.Kb1 Qb6 21.Rd2 
Bc3+ 22.Kc1 Bxd2+ 23.Nxd2 Bd7 24.Nb3 Rae8 25.Qg2 Qf6 26.Kb1 Qf2 27.Qxf2 
Rxf2 28.Bd1 b6 29.Nc1 Re4 30.h3 Rxc4 31.Nd3 Rd2 32.Ne5 Rb4+ 33.Bb3 Rxb3+ 
34.axb3 Rxd5 35.Re1 Kg7 36.Re4 Rd4 37.Rf4 Rxf4 0-1

[Event "38th POL-ch"]
[Site "Warszawa POL"]
[Date "1981.??.??"]
[Round "10"]
[White "Schmidt, Wlodzimierz"]
[Black "Stempin, Pawel"]
[Result "1/2-1/2"]
[WhiteElo "2495"]
[BlackElo "2325"]
[EventDate "1981.??.??"]
[PlyCount "33"]

1.d4 Nf6 2.c4 e6 3.Nf3 b6 4.Nc3 Bb7 5.a3 d5 6.Bg5 Be7 7.e3 O-O 8.Rc1 h6 9.
Bxf6 Bxf6 10.cxd5 exd5 11.Be2 c5 12.O-O Nd7 13.Qc2 Qe7 14.Rfd1 Rfd8 15.
dxc5 Nxc5 16.Nd4 g6 17.Bf3 1/2-1/2

[Event "38th POL-ch"]
[Site "Warszawa POL"]
[Date "1981.??.??"]
[Round "11"]
[White "Hawelko, Marek"]
[Black "Nowak, Ignacy"]
[Result "1/2-1/2"]
[WhiteElo "2345"]
[BlackElo "2370"]
[EventDate "1981.??.??"]
[PlyCount "27"]

1.d4 Nf6 2.c4 e6 3.Nf3 b6 4.e3 Bb7 5.Bd3 c5 6.O-O Be7 7.Nc3 cxd4 8.exd4 d5
9.cxd5 Nxd5 10.Bb5+ Bc6 11.Qa4 Qd7 12.Nxd5 Qxd5 13.Bxc6+ Nxc6 14.Be3 
1/2-1/2

[Event "38th POL-ch"]
[Site "Warszawa POL"]
[Date "1981.??.??"]
[Round "11"]
[White "Kruszynski, Wlodzimierz"]
[Black "Bielczyk, Jacek"]
[Result "1/2-1/2"]
[WhiteElo "2325"]
[BlackElo "2410"]
[EventDate "1981.??.??"]
[PlyCount "85"]

1.e4 c5 2.Nf3 e6 3.b3 Nf6 4.e5 Nd5 5.Bb2 Nc6 6.Bb5 Nce7 7.O-O a6 8.Bd3 Ng6
9.Re1 Be7 10.c4 Nb4 11.Be4 Qc7 12.d4 cxd4 13.Qxd4 O-O 14.Nc3 Rb8 15.Rac1 
b6 16.Qe3 Nc6 17.Bb1 Bc5 18.Qg5 d6 19.Ne4 Ncxe5 20.Nxe5 f6 21.Qh5 dxe5 22.
Nxc5 Qxc5 23.Rc3 Bb7 24.Rh3 Kf7 25.Qxh7 e4 26.Rg3 Qf5 27.Rf3 exf3 28.Bxf5 
exf5 29.Qh5 Rfe8 30.Rxe8 Rxe8 31.gxf3 Bc8 32.f4 Re1+ 33.Kg2 Bb7+ 34.Kh3 
Rg1 35.f3 Rf1 36.Kg3 Rg1+ 37.Kf2 Rd1 38.Qxf5 Bc6 39.Qc2 Rh1 40.Kg2 Re1 41.
Kf2 Rh1 42.Kg2 Re1 43.Kf2 1/2-1/2

[Event "38th POL-ch"]
[Site "Warszawa POL"]
[Date "1981.??.??"]
[Round "11"]
[White "Kuligowski, Adam"]
[Black "Schinzel, Wladyslaw"]
[Result "0-1"]
[WhiteElo "2450"]
[BlackElo "2375"]
[EventDate "1981.??.??"]
[PlyCount "88"]

1.d4 Nf6 2.c4 d6 3.Nc3 e5 4.Nf3 Qe7 5.e4 Bg4 6.d5 Na6 7.Be2 Nc5 8.Ng5 Bxe2
9.Qxe2 a5 10.h4 g6 11.Bd2 h5 12.O-O-O Bh6 13.g3 Ng4 14.f3 Nf2 15.Kb1 Nxh1 
16.Rxh1 f6 17.Nh3 Bxd2 18.Qxd2 Kd7 19.Nf2 Qg7 20.Kc2 g5 21.Nfd1 gxh4 22.
gxh4 Qg3 23.Ne3 Rag8 24.Qe2 Rg6 25.Qf1 Rgg8 26.Ne2 Qg6 27.Qh3+ Kd8 28.Rg1 
Qe8 29.Rd1 Qd7 30.Qh1 Rh7 31.Rg1 Rxg1 32.Qxg1 Rg7 33.Qf1 b5 34.Nf5 Rg8 35.
Neg3 bxc4 36.Qxc4 Rxg3 37.Nxg3 Qh3 38.Nf1 Qxf3 39.Nd2 Qf2 40.b4 axb4 41.
Qxb4 Qxh4 42.Qb8+ Kd7 43.Qb5+ Ke7 44.a4 Qh3 0-1

[Event "38th POL-ch"]
[Site "Warszawa POL"]
[Date "1981.??.??"]
[Round "11"]
[White "Przewoznik, Jan"]
[Black "Ksieski, Zbigniew"]
[Result "1-0"]
[WhiteElo "2370"]
[BlackElo "2345"]
[EventDate "1981.??.??"]
[PlyCount "81"]

1.e4 c5 2.Nf3 d6 3.d4 cxd4 4.Nxd4 Nf6 5.Nc3 a6 6.Be3 Qc7 7.Be2 e6 8.O-O 
Be7 9.a4 O-O 10.f4 Nc6 11.Kh1 Nxd4 12.Bxd4 e5 13.Be3 exf4 14.Bxf4 Be6 15.
Bg5 h6 16.Bf4 Rac8 17.Qd2 Nd7 18.Bxh6 gxh6 19.Qxh6 Ne5 20.Rf3 $1 Ng6 
    ( 20...Nxf3 $4 21.gxf3 $18 )
21.Raf1 Qd8 22.Rg3 Bf6 23.Rxg6+ fxg6 24.Qxg6+ Kh8 25.Qh6+ Kg8 26.e5 $1 
Rxc3 27.exf6 Rc7 28.Rf3 Rh7 29.Qg6+ Kh8 30.Bd3 Qd7 31.Re3 Bd5 
    ( 31...Bg8 )
32.Qg5 Qxa4 33.h3 Qh4 34.Qxd5 Rh6 35.f7 Rf6 36.Re4 Qh6 37.Qd4 $1 Qc1+ 38.
Kh2 Kg7 39.Rg4+ Kxf7 40.Qd5+ Ke8 41.Qxb7 1-0

[Event "38th POL-ch"]
[Site "Warszawa POL"]
[Date "1981.??.??"]
[Round "11"]
[White "Rakowiecki, Tomasz"]
[Black "Panczyk, Krzysztof"]
[Result "0-1"]
[WhiteElo "2270"]
[BlackElo "2365"]
[EventDate "1981.??.??"]
[PlyCount "72"]

1.e4 e5 2.Nf3 Nc6 3.Bc4 Nf6 4.d4 exd4 5.O-O Nxe4 6.Re1 d5 7.Bxd5 Qxd5 8.
Nc3 Qa5 9.Nxe4 Be6 10.Neg5 O-O-O 11.Nxe6 fxe6 12.Rxe6 Bd6 13.Bg5 Rde8 14.
Qe2 Kd7 15.Rxe8 Rxe8 16.Qd3 h6 17.Bd2 Qh5 18.h3 Kc8 19.Nxd4 Nxd4 20.Qxd4 
Re2 21.Be3 Qe5 22.Qd1 Qxb2 23.Rc1 Qb5 24.c4 Qe5 25.c5 Qh2+ 26.Kf1 Rxa2 27.
Rc2 Ra1 28.Bc1 Qh1+ 29.Ke2 Qxd1+ 30.Kxd1 Bf4 31.Rc4 Rxc1+ 32.Rxc1 Bxc1 33.
Kxc1 Kd7 34.f4 Kc6 35.g4 Kxc5 36.h4 Kd5 0-1

[Event "38th POL-ch"]
[Site "Warszawa POL"]
[Date "1981.??.??"]
[Round "11"]
[White "Stempin, Pawel"]
[Black "Pokojowczyk, Jerzy"]
[Result "0-1"]
[WhiteElo "2325"]
[BlackElo "2390"]
[EventDate "1981.??.??"]
[PlyCount "78"]

1.d4 Nf6 2.c4 g6 3.Nc3 Bg7 4.e4 d6 5.f3 O-O 6.Be3 a6 7.Qd2 b6 8.Rd1 Nfd7 
9.Nh3 c5 10.d5 Ne5 11.Nf2 b5 12.cxb5 axb5 13.Bxb5 Ba6 14.Bxa6 Nxa6 15.Qe2 
Qa5 16.O-O Rfb8 17.f4 Nd7 18.e5 dxe5 19.fxe5 Bxe5 20.Ng4 Bf6 21.Nxf6+ exf6
22.Bh6 Re8 23.Qg4 Rad8 24.Rde1 Nab8 25.Rd1 Qb6 26.Qh4 Qxb2 27.Ne4 Qe5 28.
Nxf6+ Nxf6 29.Qxf6 Qxf6 30.Rxf6 Nd7 31.Rc6 Rc8 32.Bf4 Kg7 33.Rc1 Ra8 34.
Rc2 Ra4 35.Bg3 Rd4 36.d6 Rd1+ 37.Kf2 Nf6 38.Bh4 Ng4+ 39.Kg3 Re3+ 0-1

[Event "38th POL-ch"]
[Site "Warszawa POL"]
[Date "1981.??.??"]
[Round "11"]
[White "Sznapik, Aleksander"]
[Black "Schmidt, Wlodzimierz"]
[Result "1/2-1/2"]
[WhiteElo "2450"]
[BlackElo "2495"]
[EventDate "1981.??.??"]
[PlyCount "40"]

1.e4 c5 2.Nf3 e6 3.c3 d5 4.exd5 exd5 5.d4 Nc6 6.Be2 Bd6 7.dxc5 Bxc5 8.O-O 
Nge7 9.Nbd2 O-O 10.Nb3 Bb6 11.Nbd4 Bg4 12.Be3 Re8 13.Re1 Ng6 14.h3 Bxf3 
15.Bxf3 Nxd4 16.Bxd4 Rxe1+ 17.Qxe1 Bxd4 18.cxd4 Rc8 19.Qe3 Rc7 20.Qb3 Ne7 
1/2-1/2

[Event "38th POL-ch"]
[Site "Warszawa POL"]
[Date "1981.??.??"]
[Round "12"]
[White "Bielczyk, Jacek"]
[Black "Hawelko, Marek"]
[Result "1/2-1/2"]
[WhiteElo "2410"]
[BlackElo "2345"]
[EventDate "1981.??.??"]
[PlyCount "47"]

1.e4 c5 2.Nf3 d6 3.Bb5+ Nd7 4.O-O a6 5.Bxd7+ Bxd7 6.d4 cxd4 7.Qxd4 e5 8.
Qd3 h6 9.Nc3 Nf6 10.Nd2 b5 11.Rd1 Be7 12.Nf1 b4 13.Nd5 Nxd5 14.Qxd5 O-O 
15.Ne3 Be6 16.Qd3 Qc7 17.a3 a5 18.axb4 axb4 19.Bd2 Qc5 20.c3 bxc3 21.Bxc3 
Bb3 22.Re1 Be6 23.Red1 Bg5 24.h3 1/2-1/2

[Event "38th POL-ch"]
[Site "Warszawa POL"]
[Date "1981.??.??"]
[Round "12"]
[White "Ksieski, Zbigniew"]
[Black "Rakowiecki, Tomasz"]
[Result "1-0"]
[WhiteElo "2345"]
[BlackElo "2270"]
[EventDate "1981.??.??"]
[PlyCount "49"]

1.d4 Nf6 2.c4 e6 3.Nc3 c5 4.d5 exd5 5.cxd5 d6 6.Nf3 g6 7.e4 Bg7 8.Nd2 O-O 
9.Be2 a6 10.a4 Nbd7 11.O-O Re8 12.Qc2 Ne5 13.b3 Nh5 14.Bxh5 gxh5 15.Bb2 
Qh4 16.Rae1 b5 17.Nd1 Bd7 18.f4 Ng6 19.g3 Qe7 20.Bxg7 Kxg7 21.e5 Kh8 22.e6
fxe6 23.f5 Ne5 24.fxe6 Bc8 25.Rxe5 1-0

[Event "38th POL-ch"]
[Site "Warszawa POL"]
[Date "1981.??.??"]
[Round "12"]
[White "Nowak, Ignacy"]
[Black "Jasnikowski, Zbigniew"]
[Result "0-1"]
[WhiteElo "2370"]
[BlackElo "2380"]
[EventDate "1981.??.??"]
[PlyCount "70"]

1.d4 c5 2.d5 Nf6 3.Nc3 e6 4.e4 d6 5.Bb5+ Bd7 6.a4 exd5 7.exd5 Be7 8.Nf3 
O-O 9.Bxd7 Qxd7 10.O-O Na6 11.h3 Nb4 12.g4 h5 13.Nh2 hxg4 14.hxg4 b6 15.
Nb1 a6 16.Na3 Qb7 17.c4 b5 18.b3 bxa4 19.bxa4 Qd7 20.Nb1 Ne4 21.Ra3 f5 22.
Nd2 Bf6 23.Nxe4 fxe4 24.Rh3 Bd4 25.Be3 Nd3 26.Bxd4 cxd4 27.Rxd3 exd3 28.
Qxd3 Rf4 29.a5 Raf8 30.Kg2 Qe7 31.f3 Qe3 32.Rd1 Qxd3 33.Rxd3 Rc8 34.Rb3 
Rxc4 35.Rb6 d3 0-1

[Event "38th POL-ch"]
[Site "Warszawa POL"]
[Date "1981.??.??"]
[Round "12"]
[White "Panczyk, Krzysztof"]
[Black "Kuligowski, Adam"]
[Result "1/2-1/2"]
[WhiteElo "2365"]
[BlackElo "2450"]
[EventDate "1981.??.??"]
[PlyCount "23"]

1.d4 d5 2.c4 e6 3.Nc3 Nf6 4.Bg5 Be7 5.e3 h6 6.Bh4 O-O 7.Nf3 b6 8.cxd5 Nxd5
9.Bxe7 Qxe7 10.Nxd5 exd5 11.Rc1 Be6 12.Qa4 1/2-1/2

[Event "38th POL-ch"]
[Site "Warszawa POL"]
[Date "1981.??.??"]
[Round "12"]
[White "Pokojowczyk, Jerzy"]
[Black "Adamski, Jan"]
[Result "1/2-1/2"]
[WhiteElo "2390"]
[BlackElo "2430"]
[EventDate "1981.??.??"]
[PlyCount "36"]

1.e4 c5 2.Nf3 d6 3.d4 cxd4 4.Nxd4 Nf6 5.Nc3 a6 6.a4 e6 7.Bc4 Be7 8.O-O O-O
9.Qf3 Bd7 10.Qg3 Nc6 11.Nxc6 Bxc6 12.Bh6 Nh5 13.Qg4 Qa5 14.Rfe1 Kh8 15.Bd2
Nf6 16.Qh3 Qh5 17.Qxh5 Nxh5 18.Bd3 Nf6 1/2-1/2

[Event "38th POL-ch"]
[Site "Warszawa POL"]
[Date "1981.??.??"]
[Round "12"]
[White "Schinzel, Wladyslaw"]
[Black "Kruszynski, Wlodzimierz"]
[Result "0-1"]
[WhiteElo "2375"]
[BlackElo "2325"]
[EventDate "1981.??.??"]
[PlyCount "144"]

1.d4 Nf6 2.Nc3 d5 3.Bg5 Nbd7 4.Qd3 c6 5.Nf3 g6 6.h3 Bg7 7.Qe3 O-O 8.Bh6 
Qa5 9.Bxg7 Kxg7 10.Qxe7 Ne4 11.Nd2 Nxd2 12.Kxd2 Nf6 13.f3 Re8 14.Qa3 Qc7 
15.e3 b5 16.Ne2 a5 17.h4 b4 18.Qb3 Qe7 19.a3 a4 20.Qxb4 Qxe3+ 21.Kd1 Bf5 
22.Ng3 Bg4 23.Qc3 Qf2 24.fxg4 Nxg4 25.Be2 Re3 26.Qxc6 Rae8 27.Kc1 Qxg3 28.
Bxg4 Qxg4 29.Kb1 Qxd4 30.Ka2 Rb8 31.Rab1 Re6 32.Qc7 Reb6 33.b4 axb3+ 34.
cxb3 Rxb3 35.Qxb8 Rxb8 36.Rxb8 Qc4+ 37.Ka1 Qc3+ 38.Ka2 d4 39.Rb2 Qc4+ 40.
Ka1 Qa4 41.Rh3 Qd1+ 42.Ka2 f5 43.Rhb3 Kf6 44.Rb7 d3 45.Rxh7 Ke6 46.Rb6+ 
Ke5 47.Rd7 Qa4 48.Re7+ Kd5 49.Rb2 Kd6 50.Reb7 Qxh4 51.R7b6+ Ke7 52.Rc6 Qe1
53.Rb7+ Kd8 54.Rd6+ Kc8 55.Rb2 Qc3 56.Kb1 Kc7 57.Rd5 Kc6 58.Rd8 Kc7 59.Rd5
Qxa3 60.Rdb5 Qc3 61.R5b3 Qe1+ 62.Ka2 Qa5+ 63.Kb1 Qe1+ 64.Ka2 Qe3 65.Kb1 
Kd6 66.Rb8 Qe1+ 67.Ka2 Qa5+ 68.Kb1 Qe1+ 69.Ka2 Qa5+ 70.Kb1 Kc5 71.Rc8+ Kd4
72.Rc1 d2 0-1

[Event "38th POL-ch"]
[Site "Warszawa POL"]
[Date "1981.??.??"]
[Round "12"]
[White "Schmidt, Wlodzimierz"]
[Black "Przewoznik, Jan"]
[Result "1-0"]
[WhiteElo "2495"]
[BlackElo "2370"]
[EventDate "1981.??.??"]
[PlyCount "82"]

1.d4 b5 2.e4 Bb7 3.Bd3 a6 4.Nf3 Nf6 5.Qe2 e6 6.Nbd2 c5 7.dxc5 Bxc5 8.e5 
Nd5 9.Ne4 Be7 10.c3 h6 11.a4 Qa5 12.Bd2 bxa4 13.c4 Nb4 14.O-O N8c6 15.Bc3 
Rc8 16.Bb1 O-O 17.Nf6+ Bxf6 18.exf6 g6 19.Rxa4 Qh5 20.Bxb4 Nxb4 21.Rxb4 
Bxf3 22.Qxf3 Qxf3 23.gxf3 Rb8 24.Rxb8 Rxb8 25.Rd1 Rxb2 26.Be4 d5 27.cxd5 
exd5 28.Rxd5 Rb6 29.Kg2 Rxf6 30.Ra5 Kg7 31.Bd3 g5 32.Bxa6 Rf4 33.Bd3 Kf6 
34.Kg3 Rd4 35.Be4 Rd1 36.Kg2 Kg7 37.Rd5 Ra1 38.Rd7 Ra6 39.Kg3 Rf6 40.h4 
Rf4 41.hxg5 hxg5 1-0

[Event "38th POL-ch"]
[Site "Warszawa POL"]
[Date "1981.??.??"]
[Round "12"]
[White "Stempin, Pawel"]
[Black "Sznapik, Aleksander"]
[Result "0-1"]
[WhiteElo "2325"]
[BlackElo "2450"]
[EventDate "1981.??.??"]
[PlyCount "84"]

1.d4 Nf6 2.c4 g6 3.Nc3 Bg7 4.e4 d6 5.f3 O-O 6.Be3 Nc6 7.Qd2 a6 8.Nge2 Rb8 
9.h4 e5 10.d5 Na5 11.Ng3 c5 12.Bh6 b5 $1 13.O-O-O Bxh6 14.Qxh6 Bd7 15.h5 
Qe7 16.Bd3 bxc4 17.Bb1 Rb4 18.Nf5 $6 gxf5 19.exf5 Kh8 20.Qe3 Ng8 21.h6 
Rfb8 22.Rd2 e4 $1 23.g4 exf3 24.Qxf3 Re8 25.Ne4 c3 $1 26.Qxc3+ 
    ( 26.Nxc3 Nc4 {/\ 27..Ne5} )
26...f6 27.b3 Rxe4 28.Bxe4 Qxe4 29.Rhh2 Nb7 30.Rhe2 Qh1+ 31.Kb2 Rxe2 32.
Rxe2 Qxh6 33.Qf3 Qg7 34.Qf4 a5 35.a4 c4 36.Qxc4 Nc5 37.Ka2 Nh6 38.Rh2 Nxg4
39.Rg2 Bxf5 40.Qf4 Qd7 41.Rxg4 Bxg4 42.Qxf6+ Kg8 0-1

[Event "38th POL-ch"]
[Site "Warszawa POL"]
[Date "1981.??.??"]
[Round "13"]
[White "Adamski, Jan"]
[Black "Nowak, Ignacy"]
[Result "1/2-1/2"]
[WhiteElo "2430"]
[BlackElo "2370"]
[EventDate "1981.??.??"]
[PlyCount "99"]

1.c4 Nf6 2.Nf3 b6 3.d4 e6 4.g3 Ba6 5.Nbd2 Bb7 6.Bg2 c5 7.e4 cxd4 8.e5 Ng4 
9.O-O Qc7 10.Re1 f6 11.exf6 Nxf6 12.Nxd4 Bxg2 13.Kxg2 Qb7+ 14.Qf3 Qxf3+ 
15.N2xf3 Be7 16.Nb5 Na6 17.Bf4 O-O 18.Rad1 Nb4 19.Ne5 Nxa2 20.Nxd7 Rfd8 
21.Nxf6+ Bxf6 22.Rxd8+ Rxd8 23.Nxa7 Kf7 24.Re2 Rd3 25.Nb5 Rb3 26.Be3 Bxb2 
27.Bxb6 Nc1 28.Re4 e5 29.Be3 Nd3 30.Nd6+ Ke6 31.c5 Kd5 32.Rh4 h6 33.Nf5 e4
34.Rh5 Kc6 35.Nd4+ Bxd4 36.Bxd4 Rb7 37.Rf5 Rd7 38.Be3 Rd5 39.Rf7 Rd7 40.
Rf8 Rc7 41.Re8 Kd5 42.Rd8+ Ke6 43.Rd6+ Ke7 44.Rd5 Ke6 45.Rh5 Rd7 46.c6 Rc7
47.Bd4 Kd6 48.Rf5 Kxc6 49.g4 Rd7 50.Bc3 1/2-1/2

[Event "38th POL-ch"]
[Site "Warszawa POL"]
[Date "1981.??.??"]
[Round "13"]
[White "Hawelko, Marek"]
[Black "Schinzel, Wladyslaw"]
[Result "1/2-1/2"]
[WhiteElo "2345"]
[BlackElo "2375"]
[EventDate "1981.??.??"]
[PlyCount "74"]

1.d4 Nf6 2.c4 e6 3.Nc3 d5 4.Nf3 c6 5.e3 Nbd7 6.Bd3 dxc4 7.Bxc4 b5 8.Be2 
Bb7 9.e4 b4 10.e5 bxc3 11.exf6 gxf6 12.bxc3 c5 13.O-O Qc7 14.Be3 Bd6 15.
dxc5 Nxc5 16.Bxc5 Bxc5 17.Nd4 Rg8 18.Bf3 Rd8 19.Rb1 Bb6 20.Bxb7 Qxb7 21.g3
Rg5 22.Qc2 h5 23.Rfe1 Re5 24.Qh7 Rxe1+ 25.Rxe1 Qd5 26.Nf5 e5 27.Qxh5 Qxa2 
28.Qh8+ Kd7 29.Rd1+ Ke6 30.Ng7+ Ke7 31.Nf5+ Ke6 32.Rd6+ Rxd6 33.Qc8+ Rd7 
34.Ng7+ Ke7 35.Nf5+ Ke6 36.Ng7+ Kd6 37.Nf5+ Ke6 1/2-1/2

[Event "38th POL-ch"]
[Site "Warszawa POL"]
[Date "1981.??.??"]
[Round "13"]
[White "Jasnikowski, Zbigniew"]
[Black "Bielczyk, Jacek"]
[Result "1/2-1/2"]
[WhiteElo "2380"]
[BlackElo "2410"]
[EventDate "1981.??.??"]
[PlyCount "28"]

1.e4 c5 2.Nf3 Nc6 3.c3 Nf6 4.e5 Nd5 5.d4 cxd4 6.Bc4 Nb6 7.Bb3 d5 8.exd6 e6
9.cxd4 Bxd6 10.O-O Nd5 11.Nc3 O-O 12.Re1 Be7 13.a3 Nxc3 14.bxc3 b6 1/2-1/2

[Event "38th POL-ch"]
[Site "Warszawa POL"]
[Date "1981.??.??"]
[Round "13"]
[White "Kruszynski, Wlodzimierz"]
[Black "Panczyk, Krzysztof"]
[Result "1-0"]
[WhiteElo "2325"]
[BlackElo "2365"]
[EventDate "1981.??.??"]
[PlyCount "91"]

1.e4 e5 2.Nf3 Nc6 3.Bb5 a6 4.Ba4 Nf6 5.O-O Be7 6.Re1 b5 7.Bb3 d6 8.c3 O-O 
9.h3 Bb7 10.d4 Re8 11.Ng5 Rf8 12.Nf3 Re8 13.Nbd2 Bf8 14.Bc2 g6 15.d5 Nb8 
16.b3 c6 17.c4 Nbd7 18.a4 bxc4 19.bxc4 a5 20.Nb3 Qc7 21.Bd2 Rec8 22.Bd3 
Be7 23.Qe2 Bd8 24.Rab1 Qb8 25.Rb2 Bb6 26.Reb1 Ra7 27.Nxa5 Bxa5 28.Bxa5 
Rxa5 29.Rxb7 Qa8 30.Bc2 cxd5 31.exd5 Rac5 32.Nd2 e4 33.Nxe4 Rxc4 34.Nxf6+ 
Nxf6 35.Qe7 Rf8 36.Qxf6 Rxc2 37.Qxd6 Qxa4 38.Qf6 Qc4 39.d6 Rc1+ 40.Rxc1 
Qxc1+ 41.Kh2 Qc8 42.Re7 Qb8 43.f4 Qb6 44.Qe5 Qb8 45.d7 Qd8 46.Qf6 1-0